000 00445nam a2200193Ia 4500
005 20240823035551.0
008 240823s9999||||xx |||||||||||||| ||und||
020 _a978-81-264-2095-7
041 _aENGLISH
082 _A813.52 Q2
100 _aGeorge Onakkoor
245 4 _aThe wind in the Mountains
250 _a1st
260 _c2012
_b"D C Books,Kot"
500 _aYES
650 _aNovel
_bEnglish
942 _cBK
999 _c200994
_d200994